La circunstancia agravante de reincidencia desde los fundamentos y fines de la pena

Detalles Bibliográficos
Autor principal: Monge Fernǹdez, Antonia
Formato: Desconocido
Lenguaje:español
Publicado: Barcelona : Bosch, 2009
Materias:
Acceso en línea:Acceso restringido

MARC

LEADER 00000ny a22000003n 4500
005 20110615125531.0
008 090403s sp 000 0 spa d
020 |a 9788476988381 
035 |a 3365 
040 |a NoBUC-Mpons  |d vLex 
080 |a 343.235 
090 |c 707  |d 707 
100 1 |a Monge Fernǹdez, Antonia. 
245 3 3 |a La circunstancia agravante de reincidencia desde los fundamentos y fines de la pena  |h [Recurso electrn̤ico]  |c / Antonia Monge Fernǹdez. 
256 |a Servicio en ln̕ea 
260 |a Barcelona :  |b Bosch,  |c 2009 
300 |a 186 p. ;  |c 21 cm. 
504 |a Bibliogr. 
506 1 |a Contenido solo disponible en los productos indicados  |d vLex Global  |d vLex Global (Academic Edition, excluding Law Schools)  |d vLex Global (U.S. Academic Edition, Law Schools)  |d vLex Global (U.S. Academic Edition, excluding Law Schools)  |d vLex Global (Academic Edition, Law Schools) 
650 0 7 |a Penas  |2 Tesauro vLex 
650 0 7 |a Reincidencia  |2 Tesauro vLex 
650 0 7 |a Circunstancias agravantes  |2 Tesauro vLex 
740 0 |a vLex Libros (Servicios en ln̕ea) 
856 4 0 |u http://vlex.com/source/3365  |z Acceso restringido 
942 |c BOOK 
999 0 |a Criminal Law   |b Barcelona